• 首页
  • 本馆介绍
  • 公告通知
  • 最新文献
  • 馆藏检索
  • 电子资源
  • 读者导购
  • 参考咨询
  • 我的图书馆
  • 登录
  • 详细信息显示
  • 放入我的书架
  • 预约/预借图书
  • 作者相关作品
  • 分类相关作品
  • 丛书相关作品
  • 出版社相关作品

书目信息

  • 表格格式
  • 工作单格式
  • 卡片格式
题名:
PLC技术实用教程
    
 
作者: 弭洪涛 编著
分册:  
出版信息: 北京   电子工业出版社  2016.07
页数: 308页
开本: 26cm
丛书名:
单 册:
中图分类: TM571.61
科图分类:
主题词: PLC技术--高等教育--教材
电子资源:
ISBN: 978-7-121-28715-2
000 01066nam0 2200277 450
001 0120161943449
005 20170327083905.64
010    @a978-7-121-28715-2@dCNY49.90
100    @a20160705d2016 em y0chiy50 ea
101 0  @achi
102    @aCN@b110000
105    @aak z 000yy
106    @ar
200 1  @aPLC技术实用教程@9PLC ji shu shi yong jiao cheng@e基于西门子S7-300@f弭洪涛等编著
205    @a2版
210    @a北京@c电子工业出版社@d2016.07
215    @a308页@c图@d26cm
300    @a普通高等教育“十三五”规划教材 自动化专业规划教材
330    @a本书主要介绍PLC应用基础、工作原理、硬件配置、指令系统及编程方法、应用系统设计与调试、工业控制网络及STEP7应用和WinCC入门等内容,体系完整、通俗易懂,并通过大量实验及工程案例使理论学习和工程实践相结合,便于初学者使用。
333    @a高校自动化专业师生,相关技术人员
517 1  @a基于西门子S7-300@9ji yu xi men zi S7-300
606 0  @aPLC技术@x高等教育@j教材
690    @aTM571.61@v5
701  0 @a弭洪涛@9mi hong tao@4编著
801  0 @aCN@b人天书店@c20160705
905    @b980442-45@dTM571.61@e43=2@f4
    
    PLC技术实用教程:基于西门子S7-300/弭洪涛等编著.-2版.-北京:电子工业出版社,2016.07
    308页:图;26cm
    普通高等教育“十三五”规划教材 自动化专业规划教材.-使用对象:高校自动化专业师生,相关技术人员
    
    ISBN 978-7-121-28715-2:CNY49.90
    本书主要介绍PLC应用基础、工作原理、硬件配置、指令系统及编程方法、应用系统设计与调试、工业控制网络及STEP7应用和WinCC入门等内容,体系完整、通俗易懂,并通过大量实验及工程案例使理论学习和工程实践相结合,便于初学者使用。
●
相关链接 在E读中查询图书 在五车中查询图书 在当当中查询图书 在豆瓣中查询图书


正题名:PLC技术实用教程     索取号:TM571.61/43=2         预约/预借

序号 登录号 条形码 馆藏地/架位号 状态 备注
1 980442   209804425   第二样本阅览室/ [索取号:TM571.61/43=2] 在馆    
2 980443   209804434   第三借阅区/ [索取号:TM571.61/43=2] 在馆    
3 980444   209804443   第三借阅区/ [索取号:TM571.61/43=2] 在馆    
4 980445   209804452   密集书库-物理学院/ [索取号:TM571.61/43=2] 在馆    
唐山师范学院图书馆 欢迎您!
大连网信软件有限公司© 版权所有